000 00400nam a2200145Ia 4500
008 230312s9999||||xx |||||||||||||| ||und||
082 _a728
_bWIL-P
100 _aWilson;Dan
245 0 _aPlanning and Designing Your Home Landscape
260 _bCooperative Extension
_aUSA
_c2013
300 _a32
546 _aEng.
650 _aArchitecture
_vPlanning and Designing Your Home Landscape
942 _cBK
999 _c9637
_d9637